|
|
|
|
| LEADER |
00000nam0a2200000 4500 |
| 001 |
61272 |
| 005 |
20231031062453.0 |
| 035 |
|
|
|a (RuTPU)RU\TPU\book\64853
|
| 090 |
|
|
|a 61272
|
| 100 |
|
|
|a 20040310d1978 k y0rusy50 ca
|
| 101 |
0 |
|
|a rus
|
| 102 |
|
|
|a RU
|
| 105 |
|
|
|a a z 001zy
|
| 200 |
1 |
|
|a Марганцевые месторождения складчатых областей СССР
|e Сборник статей
|f Академия наук СССР (АН СССР), Институт геологии рудных месторождений, петрографии, минералогии и геохимии (ИГЕМ) ; отв. ред. И. В. Витовская
|
| 210 |
|
|
|a Москва
|c Наука
|d 1978
|
| 215 |
|
|
|a 247 с.
|c ил.
|
| 320 |
|
|
|a Библиогр.: с. 206-210.
|
| 610 |
1 |
|
|a марганцевые руды
|
| 610 |
1 |
|
|a месторождения
|
| 610 |
1 |
|
|a геология
|
| 610 |
1 |
|
|a СССР
|
| 610 |
1 |
|
|a геологическое строение
|
| 675 |
|
|
|a 553.32
|v 3
|
| 702 |
|
1 |
|a Витовская
|b И. В.
|g Ирина Владимировна
|4 340
|
| 712 |
0 |
2 |
|a Академия наук СССР (АН СССР)
|b Институт геологии рудных месторождений, петрографии, минералогии и геохимии (ИГЕМ)
|c (Москва)
|2 stltpush
|3 (RuTPU)RU\TPU\col\11398
|
| 801 |
|
1 |
|a RU
|b 63413507
|c 20040310
|g PSBO
|
| 801 |
|
2 |
|a RU
|b 63413507
|c 20141128
|g PSBO
|
| 942 |
|
|
|c BK
|